Manual for mos users (Record no. 26875)

MARC details
000 -LEADER
fixed length control field 00292nam a2200121Ia 4500
082 ## - DEWEY DECIMAL CLASSIFICATION NUMBER
Classification number 621.38
Item number LEN
100 ## - MAIN ENTRY--AUTHOR NAME
Personal name Lenk, John D
245 #0 - TITLE STATEMENT
Title Manual for mos users
260 ## - PUBLICATION, DISTRIBUTION, ETC. (IMPRINT)
Place of publication Reston
Name of publisher Reston
Year of publication 1975
650 ## - SUBJECT ADDED ENTRY--TOPICAL TERM
Topical Term Electronic system
942 ## - ADDED ENTRY ELEMENTS (KOHA)
Koha item type Books
Holdings
Withdrawn status Lost status Damaged status Not for loan Home library Current library Date acquired Cost, normal purchase price Full call number Accession Number Koha item type
        RRII Library RRII Library 16/12/2021 16.95 621.38 LEN 07506 Books